| 000 | 00824nam a2200253 a 4500 | ||
|---|---|---|---|
| 001 | 54500 | ||
| 003 | BD-RjUL | ||
| 005 | 20211209080129.0 | ||
| 008 | 161107r19831982ii a b 001 0 eng | ||
| 035 | _a(BD-RjUL)54622 | ||
| 040 |
_aDLC _cDLC _dDLC _dBD-RjUL _beng |
||
| 041 | _aeng | ||
| 082 | 0 | 0 |
_223 _a621.5 _bSTR 1983 |
| 100 | 1 |
_aStoecker, W. F. _9162591 |
|
| 245 | 1 | 0 |
_aRefrigeration and air conditioning / _cW.F. Stoecker and J.W. Jones. |
| 250 | _a2nd ed. , TMH ed. | ||
| 260 |
_aNew Delhi : _bTata McGraw-Hill Publishing co., _cc1982 [Reprinted 1983] |
||
| 300 |
_axiv, 443 p. : _bill. ; _c25 cm. |
||
| 500 | _aIncludes index | ||
| 650 | 0 |
_aAir conditioning. _9158664 |
|
| 650 | 0 |
_aRefrigeration and refrigerating machinery. _9219049 |
|
| 700 | 1 |
_aJones, J. W. _q(Jerold W.) , jt. author _9162592 |
|
| 942 |
_2ddc _cBK |
||
| 999 |
_c54500 _d54500 |
||